000 00863cab a2200229 4500
001 ABS45377
008 090401t1991 xxu||||| |||| 00| 0 eng d
035 _a(Sirsi) u52594
041 _aeng
100 _aFalk, N.
245 _aRevitalising the heart of the town centre
260 _c1991
350 _a0
490 _aPlanning (for the Natural and Built Environment)
_v(939) 11 October 1991, 16-17(2)
520 _aThe Urban and Economic Development Group put forward suggestions on how to revitalise town centres suffering in the current recession including making the most of under-utilised space such as empty buildings and the space above shops and better public relations to emphasis its assets.
650 _aEMPTY PROPERTY
650 _aRECESSION
650 _aTOWN CENTRES
690 _aURBAN RENEWAL
942 _n0
948 _c04/03/1997
999 _c32536
_d32536